Statistics for U.S. States Without Consonants

Click here to take the quiz!

General Stats

  • This quiz has been taken 20 times
  • The average score is 16 of 50

Answer Stats

HintAnswer% Correct
AaaaAlabama
80%
IiiiMississippi
80%
OioOhio
80%
AaaAlaska
60%
AaiiHawaii
53%
IoaIowa
53%
E EioNew Mexico
53%
UaUtah
53%
AaaArkansas
47%
OoaoColorado
47%
IaoIdaho
47%
E ONew York
47%
O AoaNorth Dakota
47%
Ou AoiaSouth Carolina
47%
Ou AoaSouth Dakota
47%
IioiIllinois
40%
E AieNew Hampshire
40%
OaoaOklahoma
40%
EeeeTennessee
40%
AioiaCalifornia
33%
O AoiaNorth Carolina
33%
IiaaIndiana
27%
AaKansas
27%
EuKentucky
27%
OuiiaLouisiana
27%
AieMaine
27%
EaaNevada
27%
E EeNew Jersey
27%
OeoOregon
27%
E IiiaWest Virginia
27%
OeiuConnecticut
20%
EoiaGeorgia
20%
IiaMichigan
20%
IeoaMinnesota
20%
IouiMissouri
20%
EaTexas
20%
EoVermont
20%
IiiaVirginia
20%
AioWashington
20%
AioaArizona
13%
EaaeDelaware
13%
OiaFlorida
13%
AaueMassachusetts
13%
OaaMontana
13%
EaaNebraska
13%
Oe ARhode Island
7%
IoiWisconsin
7%
OiWyoming
7%
AaMaryland
0%
EaiaPennsylvania
0%

Score Distribution

Percentile by Number Answered

Percent of People with Each Score

Your Score History

You have not taken this quiz